000 01086nam a2200277Ia 4500
003 OSt
005 20221005103603.0
006 a|||||r|||| 00| 0
007 ta
008 221004b |||||||| |||| 00| 0 hin d
020 _a9789385593109 (hbk)
_c700
024 _a25962
037 _b2341, 19/03/2016, Success Book Service
_cTextual
040 _aCRL
_cCRL
_bhin
041 _2hin
_ahin
082 _aYZwHRA, 152Q6
100 _aबिश्नोई, सोनाराम
245 0 _aबाबा रामदेव
_b इतिहास एवं साहित्य
246 _aBābā rāmadeva: itihās evan sāhitya
250 _a3 संशोधित संस्करण
260 _aजोधपुर
_bराजस्थान ग्रन्थागार भारत
_c2016
300 _a506पृ0
_ccm.
650 _aभारतीय-लोक साहित्य
942 _hYZwHRA, 152Q6
_cTEXL
_2cc
999 _c1010354
_d1010354